Lying about the wolf : essays in culture and education

Saved in:
Bibliographic Details
Main Author: Solway, David
Format: Book
Language:English
Published: Montreal : McGill-Queen's University Press, 1997
Subjects:
Tags: Add Tag
No Tags, Be the first to tag this record!

MARC

LEADER 00000nam a2200000 i 4500
001 1/95558
008 991208s1997 eng d
020 |a 0-7735-1535-6 
035 |l 10055368 
040 |a GR-MY-UA  |b gre  |e aacr 
041 0 |a eng 
082 0 |a 370.192 
100 1 |a Solway, David. 
245 1 0 |a Lying about the wolf :  |b essays in culture and education /  |c David Solway 
260 |a Montreal :   |b McGill-Queen's University Press,   |c 1997 
300 |a 313 p. 
650 0 0 |a Educational anthropology. 
852 |a INST  |b RHODES  |e 19991208  |h 370.192 SOL  |p 005400014201  |q 005400014201  |t BK  |y 0 
901 |a BIBL4-1999-3 
909 |a Ρ  |b 069318 
922 |a 4ΕΛΗ  |b 199910  |c ΚΠΣ/154  |d GLORY BOOKS 
970 |a ΚΟΥΛΑΚΙΟΤΗ  |b ΛΙΤΣΑ  |z 1999/12/08